| 000 | 01060cab a2200193 4500 | ||
|---|---|---|---|
| 001 | ##L132579 | ||
| 008 | 060220n2006 000 0 eng u | ||
| 035 | _a(Sirsi) u132579 | ||
| 041 | 0 | _aeng | |
| 100 | 1 | _aJansen, Mark | |
| 245 | 0 | 3 | _aAn incalculable burden |
| 260 | _c2006 | ||
| 490 | 0 |
_aProperty Week _v71(6) 10 February 2006, 70-72(3) |
|
| 520 | _aSenior valuers have voiced their opinions of the planning gain supplement. The government proposes to tax the increase in value when land receives planning permission, claiming that this money is needed to pay for infrastructure such as roads, railways, schools and hospitals. Nevertheless, it was argued that if the valuations on which the tax would be based is inaccurate, it will undermine developers' ability to agree on a payment with the tax authorities. The senior valuers also stressed that the tax might be boycotted on widespread scale. | ||
| 590 | _aIKA280206 | ||
| 650 | 2 | 4 | _aPLANNING GAIN SUPPLEMENT |
| 690 | _aPROPERTY-PROPERTY VALUATION AND APPRAISAL-TAXATION VALUATION | ||
| 942 | _n0 | ||
| 999 |
_c76502 _d76502 |
||